000 00550nam a2200181 a 4500
001 000042552
005 20201002040230.0
008 140127s2000 sp 000 p spa d
020 _a8484500268
040 _aDO-SdBNP
_bspa
_cBNPHU
082 _axxx
_bA694a
100 1 _aArgullol, Rafael,
_d1949-
_98747
245 1 0 _aAventura :
_buna filosofía nómada /
_cRafael Argullol.
260 _aBarcelona, España :
_bPlaza & Janés,
_bDebolsillo,
_c2000.
300 _a213 p. ;
_c17 cm.
490 1 _aCírculo cuadrado
830 0 _aCírculo cuadrado
_969798
999 _c42041
_d42041